Návrh a optimalizácia skladovacieho a logistického systému pre flexibilnú výrobu

Gespeichert in:
Bibliographische Detailangaben
1. Verfasser: Košičiarová, Vladimíra (Verfasst von)
Weitere Verfasser: Vachálek, Ján (Betreuung Doktorarbeit)
Format: Manuskript Buch
Sprache:Slowakisch
Veröffentlicht: 2024
Schlagworte:
Online-Zugang:http://is.stuba.sk/zp/portal_zp.pl?podrobnosti=179039
Tags: Tag hinzufügen
Keine Tags, Fügen Sie das erste Tag hinzu!

MARC

LEADER 00000ntm a22000003a 4500
001 stuzp99384
003 SK-STU
005 20250304110510.1
007 ta
008 150427s2015----xo-----f-mn---000-0-slo-d
040 |a STU  |b slo 
041 0 |a slo 
100 1 |a Košičiarová, Vladimíra  |u 020020  |4 aut  |U SjF Strojnícka fakulta  |T SjF Ústav automatizácie, informatizácie a merania  |X 104856  |U J0020  |Y 802  |7 104856 
242 0 1 |a Design and optimization of a storage and logistics system for flexible production  |y eng 
245 1 0 |a Návrh a optimalizácia skladovacieho a logistického systému pre flexibilnú výrobu 
260 |c 2024 
650 4 |a flexibilná výroba  |2 slo 
650 4 |a optimalizácia trasy  |2 slo 
650 4 |a skladovací systém  |2 slo 
650 4 |a logistika  |2 slo 
650 4 |a Tecnomatix Plant Simulation  |2 slo 
650 4 |a flexible production  |2 eng 
650 4 |a Tecnomatix Plant Simulation  |2 eng 
650 4 |a route optimization  |2 eng 
650 4 |a warehouse system  |2 eng 
650 4 |a logistics  |2 eng 
700 1 |a Vachálek, Ján  |u 020020  |k Z1  |4 ths  |U SjF Strojnícka fakulta  |T SjF Ústav automatizácie, informatizácie a merania  |X 2232  |U J0020  |Y 802  |7 A000002232 
856 4 |u http://is.stuba.sk/zp/portal_zp.pl?podrobnosti=179039 
996 |b 284J047752  |c J* 3842/DDP  |l JJSK  |s A  |a 24  |w stuzp99384_0001